000 01566nam a2200313 a 4500
001 ebr10537746
003 CaPaEBR
006 m u
007 cr cn|||||||||
008 120320s2011 ne b sbm 000 0 eng d
020 _z9789087281526
020 _z9789400600713 (e-book)
040 _aCaPaEBR
_cCaPaEBR
035 _a(OCoLC)787844435
043 _aa-io---
050 1 4 _aHD893
_b.R44 2011eb
100 1 _aReerink, Gustaaf Olivier.
245 1 0 _aTenure security for Indonesia's urban poor
_h[electronic resource] :
_ba socio-legal study on land, decentralisation and the rule of law in Bandung : Proefschrift ter verkrijging van de graad van Doctor aan de Universieit Leiden, op gezag van Rector Magnificus prof. mr. P.F. van der Heijden, volgens besluit van het College voor Promoties te verdedigen op dinsdag 13 december 2011 klokke 15:00 uur /
_cdoor Gustaaf Olivier Reerink.
260 _aLeiden [The Netherlands] :
_bLeiden University Press,
_c2011.
300 _axv, 279 p. :
_bmap.
502 _aThesis (PhD)--Universiteit Leiden, 2011.
504 _aIncludes bibliographical references.
533 _aElectronic reproduction.
_bPalo Alto, Calif. :
_cebrary,
_d2011.
_nAvailable via World Wide Web.
_nAccess may be limited to ebrary affiliated libraries.
650 0 _aLand tenure
_zIndonesia.
650 0 _aUrban poor
_zIndonesia.
655 7 _aElectronic books.
_2local
710 2 _aebrary, Inc.
856 4 0 _uhttp://site.ebrary.com/lib/rucke/Doc?id=10537746
_zAn electronic book accessible through the World Wide Web; click to view
999 _c245621
_d245621